Largest Militaries in Africa - Statistics

General Stats
  • This quiz has been taken 39 times
  • The average score is 8 of 10
Answer Stats
Number of Personnel Answer % Correct
438,500 Egypt
97%
130,000 Algeria
91%
134,250 D.R. Congo
91%
195,800 Morocco
88%
143,000 Nigeria
85%
104,300 Sudan
85%
503,000 Ethiopia
82%
107,000 Angola
74%
185,000 South Sudan
59%
301,750 Eritrea
47%
No matching quizzes found
Score Distribution
Percent of People with Each Score
Percentile by Number Answered
Your Score History
You have not taken this quiz